000 00559nam a2200181Ia 4500
008 240729s9999 xx 000 0 und d
022 _a2631-7176
245 0 _aWearable Technologies
260 _aUnited Kingdom
260 _bCambridge University Press
650 _a Electrical engineering. Electronics. Nuclear engineering
650 _a Electronics
650 _a Mechanical engineering and machinery | Technology
650 _aTechnology
856 _uhttps://doaj.org/toc/2dd820ca92234d3a81fc16ad5a51bd62
942 _2ddc
942 _cDOAJEJ
999 _c67597
_d67597
945 _a1
_bMadushi Gamage
_c1
_dMadushi Gamage